[Event "ARM-chT"]
[Site "Yerevan"]
[Date "2007.03.14"]
[Round "1"]
[White "Vaganian, Rafael A"]
[Black "Grigoryan, Avetik"]
[Result "1-0"]
[WhiteElo "2590"]
[BlackElo "2452"]
[PlyCount "77"]
[EventDate "2007.03.14"]
[EventType "team"]
[EventRounds "5"]
[EventCountry "ARM"]
[SourceTitle "CBM 117 Extra"]
[Source "ChessBase"]
[SourceDate "2007.05.09"]
[SourceVersion "1"]
[SourceVersionDate "2007.05.09"]
[SourceQuality "1"]

1. d4 Nf6 2. c4 g6 3. Nc3 Bg7 4. Bg5 c5 5. d5 b5 6. Nxb5 Ne4 7. Bd2 Bxb2 8. Rb1
Bg7 9. d6 O-O 10. Qc2 Nxd6 11. Nxd6 exd6 12. g3 Nc6 13. Bg2 Re8 14. Nf3 d5 15.
cxd5 Ba6 16. O-O Nd4 17. Nxd4 cxd4 18. d6 Rc8 19. Qa4 Bxe2 20. Rfe1 Qf6 21. Bh3
Bf3 22. Qxd7 Rxe1+ 23. Rxe1 Rf8 24. Qc7 d3 25. d7 Be2 26. Rb1 Qd4 27. Be3 Qd5
28. Qb7 Qxa2 29. Qb3 Qa5 30. Qc4 Qc3 31. Qd5 Bf6 32. Rc1 Qb2 33. Kg2 Rd8 34.
Bh6 Qb6 35. Qe4 Rf8 36. Rc8 Bg7 37. d8=Q Rxd8 38. Qe8+ Bf8 39. Qxf8+ 1-0

[Event "BL2-West 0708"]
[Site "Germany"]
[Date "2008.03.09"]
[Round "7.2"]
[White "Vaganian, Rafael A"]
[Black "Zaragatski, Ilja"]
[Result "1-0"]
[WhiteElo "2600"]
[BlackElo "2471"]
[PlyCount "49"]
[EventDate "2007.10.21"]
[EventType "team-tourn"]
[EventRounds "9"]
[EventCountry "GER"]
[SourceTitle "EXT 2009"]
[Source "ChessBase"]
[SourceDate "2008.11.26"]
[SourceVersion "1"]
[SourceVersionDate "2008.11.26"]
[SourceQuality "1"]
[WhiteTeam "Koeln Porz"]
[BlackTeam "Bochum SG"]
[WhiteTeamCountry "GER"]
[BlackTeamCountry "GER"]

1. d4 Nf6 2. Nf3 c5 3. d5 b5 4. Bg5 Ne4 5. Bf4 Qa5+ 6. c3 Bb7 7. Qd3 Nf6 8. e4
e6 9. dxe6 fxe6 10. Nbd2 c4 11. Qc2 d6 12. Be2 e5 13. Bg5 Nbd7 14. O-O Qb6 15.
a4 a6 16. axb5 axb5 17. Rxa8+ Bxa8 18. b3 Qc6 19. bxc4 bxc4 20. Bxf6 Nxf6 21.
Ra1 Be7 22. Bxc4 Kd7 23. Ra6 Qc5 24. Qa4+ Kc7 25. Nb3 1-0

[Event "BL2-West 0809"]
[Site "Germany"]
[Date "2008.11.30"]
[Round "3.2"]
[White "Zajogin, Alexander"]
[Black "Vaganian, Rafael A"]
[Result "0-1"]
[WhiteElo "2400"]
[BlackElo "2590"]
[PlyCount "66"]
[EventDate "2008.10.05"]
[EventType "team-tourn"]
[EventRounds "9"]
[EventCountry "GER"]
[SourceTitle "CBM 129 Extra"]
[Source "ChessBase"]
[SourceDate "2009.05.05"]
[SourceVersion "2"]
[SourceVersionDate "2009.05.20"]
[SourceQuality "1"]
[WhiteTeam "Oberursel"]
[BlackTeam "Koeln Porz"]
[WhiteTeamCountry "GER"]
[BlackTeamCountry "GER"]

1. d4 e6 2. c4 f5 3. g3 Nf6 4. Bg2 Bb4+ 5. Nd2 O-O 6. Ngf3 a5 7. O-O b6 8. Ne5
Ra7 9. Nd3 Be7 10. b3 Bb7 11. f3 c5 12. dxc5 bxc5 13. e4 Na6 14. exf5 exf5 15.
Re1 Nb4 16. Nf1 Ra6 17. a3 Nxd3 18. Qxd3 Bd6 19. Ne3 Be5 20. Ra2 Rd6 21. Qf1
Bd4 22. Bb2 g6 23. Bxd4 Rxd4 24. Nc2 Rd2 25. Rd1 Rxd1 26. Qxd1 Qb6 27. Qd3 f4
28. Ra1 Qc7 29. g4 Nxg4 30. fxg4 f3 31. Rf1 fxg2 32. Rxf8+ Kxf8 33. Ne3 Qf4 0-1

[Event "BL2-West 0910"]
[Site "Germany"]
[Date "2009.11.29"]
[Round "3.3"]
[White "Becker, Martin Alexander"]
[Black "Vaganian, Rafael A"]
[Result "0-1"]
[WhiteElo "2417"]
[BlackElo "2568"]
[PlyCount "72"]
[EventDate "2009.10.18"]
[EventType "team-tourn"]
[EventRounds "9"]
[EventCountry "GER"]
[SourceTitle "EXT 2011"]
[Source "ChessBase"]
[SourceDate "2010.11.26"]
[SourceVersion "1"]
[SourceVersionDate "2010.11.26"]
[SourceQuality "1"]
[WhiteTeam "Solingen"]
[BlackTeam "Koeln Porz"]
[WhiteTeamCountry "GER"]
[BlackTeamCountry "GER"]

1. d4 e6 2. c4 f5 3. g3 Nf6 4. Bg2 d5 5. Nh3 Nc6 6. cxd5 exd5 7. O-O g6 8. Bg5
Bg7 9. Nf4 Ne7 10. Nc3 c6 11. Bxf6 Bxf6 12. e3 Bd7 13. b4 O-O 14. b5 Kh8 15.
bxc6 bxc6 16. h4 Nc8 17. Na4 Nd6 18. Nc5 Re8 19. Qa4 Ne4 20. Bxe4 fxe4 21. Nxd7
Qxd7 22. Rac1 Rac8 23. Rc5 Rc7 24. Rfc1 g5 25. Nh5 Re6 26. hxg5 Bxg5 27. Kg2
Rh6 28. Qd1 Rc8 29. Qe2 Rf8 30. Rh1 Rf3 31. Nf4 Bxf4 32. exf4 Rg6 33. Rh4 Qg7
34. Kh1 Qxd4 35. Rc2 Qa1+ 36. Kg2 Qg7 0-1

[Event "BL2-West 0910"]
[Site "Germany"]
[Date "2010.02.07"]
[Round "6.3"]
[White "Hendriks, Willy"]
[Black "Vaganian, Rafael A"]
[Result "0-1"]
[WhiteElo "2431"]
[BlackElo "2568"]
[PlyCount "70"]
[EventDate "2009.10.18"]
[EventType "team-tourn"]
[EventRounds "9"]
[EventCountry "GER"]
[SourceTitle "EXT 2011"]
[Source "ChessBase"]
[SourceDate "2010.11.26"]
[SourceVersion "1"]
[SourceVersionDate "2010.11.26"]
[SourceQuality "1"]
[WhiteTeam "Bochum"]
[BlackTeam "Koeln Porz"]
[WhiteTeamCountry "GER"]
[BlackTeamCountry "GER"]

1. e4 Nf6 2. e5 Nd5 3. d4 d6 4. Nf3 dxe5 5. Nxe5 g6 6. Bc4 c6 7. Nd2 Bg7 8.
Ndf3 Nd7 9. Nd3 b5 10. Bb3 a5 11. a3 O-O 12. O-O h6 13. Re1 Re8 14. Bd2 Bb7 15.
c3 a4 16. Bc2 c5 17. dxc5 e5 18. Nb4 Nxc5 19. Be3 Nxe3 20. Rxe3 f5 21. Qf1 Qb6
22. Rd1 Bxf3 23. Rxf3 Rad8 24. h4 e4 25. Rh3 Kh8 26. Qe2 Rxd1+ 27. Qxd1 Rd8 28.
Qe2 Ne6 29. g3 h5 30. Qe3 Qxe3 31. fxe3 Bh6 32. Kf1 Rd2 33. Ke1 Bxe3 34. g4 Bf4
35. gxf5 gxf5 0-1

[Event "BL2-West 0910"]
[Site "Germany"]
[Date "2010.03.21"]
[Round "8.3"]
[White "Tereick, Benjamin"]
[Black "Vaganian, Rafael A"]
[Result "0-1"]
[WhiteElo "2377"]
[BlackElo "2568"]
[PlyCount "98"]
[EventDate "2009.10.18"]
[EventType "team-tourn"]
[EventRounds "9"]
[EventCountry "GER"]
[SourceTitle "EXT 2011"]
[Source "ChessBase"]
[SourceDate "2010.11.26"]
[SourceVersion "1"]
[SourceVersionDate "2010.11.26"]
[SourceQuality "1"]
[WhiteTeam "Wattenscheid"]
[BlackTeam "Koeln Porz"]
[WhiteTeamCountry "GER"]
[BlackTeamCountry "GER"]

1. Nf3 d5 2. g3 c6 3. Bg2 Nf6 4. O-O Bf5 5. d3 e6 6. b3 Nbd7 7. Bb2 h6 8. Nbd2
Bh7 9. c4 Be7 10. Qc1 O-O 11. Bc3 c5 12. cxd5 exd5 13. d4 b6 14. Qb2 Re8 15.
Rfd1 Bf8 16. e3 Qe7 17. dxc5 bxc5 18. Ne1 a5 19. Ndf3 a4 20. Nd3 Be4 21. Nfe5
axb3 22. axb3 Rxa1 23. Qxa1 Bxg2 24. Kxg2 c4 25. Nxd7 Nxd7 26. bxc4 dxc4 27.
Nf4 Nc5 28. Qb1 Ne4 29. Bd4 Rc8 30. Qb5 c3 31. f3 Qa3 32. Ne2 c2 33. Rc1 Nd6
34. Qb2 Qd3 35. Nc3 Nc4 36. Qxc2 Qxd4 37. exd4 Ne3+ 38. Kh3 Nxc2 39. Rxc2 Bb4
40. Nd5 Rxc2 41. Nxb4 Rc4 42. Nd5 Rxd4 43. Ne7+ Kh7 44. Nf5 Rd3 45. f4 g6 46.
Nh4 Kg7 47. Kg2 Rd2+ 48. Kh3 Rf2 49. Ng2 f5 0-1

[Event "BL2-West 0910"]
[Site "Germany"]
[Date "2010.04.11"]
[Round "9.3"]
[White "Vaganian, Rafael A"]
[Black "Stark, Lars"]
[Result "1-0"]
[WhiteElo "2568"]
[BlackElo "2432"]
[PlyCount "123"]
[EventDate "2009.10.18"]
[EventType "team-tourn"]
[EventRounds "9"]
[EventCountry "GER"]
[SourceTitle "EXT 2011"]
[Source "ChessBase"]
[SourceDate "2010.11.26"]
[SourceVersion "1"]
[SourceVersionDate "2010.11.26"]
[SourceQuality "1"]
[WhiteTeam "Koeln Porz"]
[BlackTeam "Gerresheim"]
[WhiteTeamCountry "GER"]
[BlackTeamCountry "GER"]

1. Nf3 Nf6 2. g3 b5 3. Bg2 Bb7 4. Na3 a6 5. c4 b4 6. Nc2 e6 7. d4 Be4 8. O-O
Be7 9. Bg5 a5 10. Ne5 Bxg2 11. Kxg2 O-O 12. Qd3 d6 13. Qf3 Ra7 14. Nd3 h6 15.
Be3 Ra6 16. Rac1 Nbd7 17. Bf4 c5 18. dxc5 e5 19. Qb7 Ra8 20. cxd6 Bxd6 21. c5
Bc7 22. Be3 e4 23. Nf4 Bxf4 24. gxf4 Rb8 25. Qc6 Rc8 26. Qd6 Ng4 27. h3 Nxe3+
28. Nxe3 Nxc5 29. Nf5 Qxd6 30. Nxd6 Rcd8 31. Rfd1 Na4 32. Rc2 Rfe8 33. Rdd2 Re6
34. Nc4 Ra8 35. f5 Rc6 36. Nd6 Nc5 37. Nb7 Rac8 38. Nxa5 R6c7 39. Rd4 Ra8 40.
Rxb4 Rxa5 41. Rb8+ Kh7 42. b4 Ra4 43. bxc5 Ra5 44. c6 Ra6 45. Rb7 Rcxc6 46.
Rxc6 Rxc6 47. Rxf7 Rc2 48. e3 Rxa2 49. Re7 Kg8 50. Rxe4 Ra5 51. Rf4 Kf7 52. e4
Ra1 53. Rg4 Re1 54. Kf3 Rh1 55. Rg3 Rh2 56. e5 Rh1 57. e6+ Kf8 58. Kg4 Rf1 59.
f3 Kg8 60. f6 Ra1 61. f4 Ra6 62. Re3 1-0

[Event "EU-ch Seniors 50 16th"]
[Site "Yerevan"]
[Date "2016.06.09"]
[Round "5"]
[White "Vaganian, Rafael A"]
[Black "Legky, Nikolay A"]
[Result "1-0"]
[WhiteElo "2577"]
[BlackElo "2446"]
[PlyCount "33"]
[EventDate "2016.06.05"]
[EventType "swiss"]
[EventRounds "9"]
[EventCountry "ARM"]
[SourceTitle "CBM 172 Extra"]
[Source "ChessBase"]
[SourceDate "2016.06.21"]
[SourceVersion "1"]
[SourceVersionDate "2016.06.21"]
[SourceQuality "1"]

1. c4 e6 2. Nc3 d5 3. d4 Nf6 4. Nf3 c5 5. e3 cxd4 6. exd4 dxc4 7. Bxc4 Be7 8.
O-O Nc6 9. a3 O-O 10. Re1 b6 11. Qd3 Bb7 12. Ba2 Re8 13. Bf4 Rc8 14. Rad1 a6
15. d5 exd5 16. Nxd5 Nxd5 17. Bxd5 1-0

[Event "Yerevan op 1st"]
[Site "Yerevan"]
[Date "2016.10.10"]
[Round "9"]
[White "Vaganian, Rafael A"]
[Black "Petrosian, Davit Gevorgi"]
[Result "1-0"]
[WhiteElo "2564"]
[BlackElo "2399"]
[PlyCount "75"]
[EventDate "2016.10.02"]
[EventType "swiss"]
[EventRounds "9"]
[EventCountry "ARM"]
[SourceTitle "EXT 2017"]
[Source "ChessBase"]
[SourceDate "2016.10.25"]
[SourceVersion "1"]
[SourceVersionDate "2016.10.25"]
[SourceQuality "1"]
[WhiteClock "0:44:27"]
[BlackClock "0:01:34"]

1. d4 {[%clk 1:30:54]} Nf6 {[%clk 1:30:41]} 2. Bg5 {[%clk 1:31:03]} Ne4 {
[%clk 1:30:34]} 3. Bf4 {[%clk 1:31:28]} c5 {[%clk 1:30:07]} 4. f3 {[%clk 1:31:
31]} Qa5+ {[%clk 1:28:36]} 5. c3 {[%clk 1:31:52]} Nf6 {[%clk 1:29:01]} 6. d5 {
[%clk 1:32:07]} e6 {[%clk 1:29:24]} 7. e4 {[%clk 1:32:33]} exd5 {[%clk 1:29:51]
} 8. exd5 {[%clk 1:21:44]} d6 {[%clk 1:30:07]} 9. Na3 {[%clk 1:19:26]} Be7 {
[%clk 1:29:54]} 10. Ne2 {[%clk 1:18:52]} O-O {[%clk 1:25:58]} 11. Ng3 {[%clk 1:
18:34]} Na6 {[%clk 1:08:43]} 12. Be2 {[%clk 1:13:59]} Qd8 {[%clk 0:57:08]} 13.
O-O {[%clk 1:12:23]} Nc7 {[%clk 0:57:25]} 14. c4 {[%clk 1:12:48]} a6 {[%clk 0:
57:47]} 15. Nc2 {[%clk 1:12:55]} b5 {[%clk 0:56:49]} 16. b3 {[%clk 1:07:41]}
Nfe8 {[%clk 0:47:54]} 17. b4 {[%clk 1:04:01]} f5 {[%clk 0:44:23]} 18. a4 {
[%clk 1:02:01]} bxa4 {[%clk 0:29:31]} 19. bxc5 {[%clk 0:59:54]} dxc5 {[%clk 0:
29:21]} 20. Be5 {[%clk 1:00:21]} Bd6 {[%clk 0:12:00]} 21. f4 {[%clk 1:00:06]}
Bd7 {[%clk 0:12:27]} 22. Qd2 {[%clk 0:59:35]} a5 {[%clk 0:11:55]} 23. Ne1 {
[%clk 0:54:47]} Na6 {[%clk 0:09:18]} 24. Bd1 {[%clk 0:54:15]} Qc7 {[%clk 0:07:
06]} 25. Nf3 {[%clk 0:54:00]} Nb4 {[%clk 0:05:02]} 26. Bxa4 {[%clk 0:54:01]}
Nf6 {[%clk 0:05:26]} 27. Bxd7 {[%clk 0:48:23]} Nxd7 {[%clk 0:05:22]} 28. Qc3 {
[%clk 0:48:47]} g6 {[%clk 0:02:57]} 29. Bh8 {[%clk 0:46:03]} Nb6 {[%clk 0:00:
43]} 30. Ng5 {[%clk 0:45:50]} Nxc4 {[%clk 0:01:03]} 31. Ne6 {[%clk 0:45:26]}
Qf7 {[%clk 0:00:42]} 32. Nxf5 {[%clk 0:44:24]} gxf5 {[%clk 0:00:53]} 33. Rf3 {
[%clk 0:44:49]} Qg6 {[%clk 0:00:36]} 34. Rg3 {[%clk 0:45:11]} Rf7 {[%clk 0:00:
35]} 35. Rxg6+ {[%clk 0:44:29]} hxg6 {[%clk 0:01:04]} 36. Qxc4 {[%clk 0:44:38]}
Kxh8 {[%clk 0:01:28]} 37. Ra3 {[%clk 0:45:00]} Raa7 {[%clk 0:01:34]} 38. Rg3 {
[%clk 0:44:27]} 1-0

[Event "Tsaghkadzor op"]
[Site "Tsaghkadzor"]
[Date "2017.12.01"]
[Round "9"]
[White "Sindarov, Javokhir"]
[Black "Vaganian, Rafael A"]
[Result "0-1"]
[WhiteElo "2406"]
[BlackElo "2548"]
[PlyCount "83"]
[EventDate "2017.11.23"]
[EventType "swiss"]
[EventRounds "9"]
[EventCountry "ARM"]
[SourceTitle "CBM 181 Extra"]
[Source "ChessBase"]
[SourceDate "2017.12.12"]
[SourceVersion "1"]
[SourceVersionDate "2017.12.12"]
[SourceQuality "1"]

1. e4 e6 2. Qe2 Be7 3. Nf3 d5 4. d3 c5 5. g3 Nc6 6. Bg2 Nf6 7. O-O O-O 8. e5
Nd7 9. c3 b5 10. Re1 c4 11. d4 b4 12. Bf4 Nb6 13. Qc2 Rb8 14. h4 h6 15. Nbd2
Bd7 16. Nf1 Qc8 17. h5 Qa6 18. N1h2 bxc3 19. bxc3 Na4 20. Qd2 Rb2 21. Qe3 Qa5
22. Rac1 Kh7 23. Bxh6 gxh6 24. Ng4 Rh8 25. Qxh6+ Kg8 26. Qf4 Qd8 27. Nf6+ Bxf6
28. exf6 Rh7 29. Nh4 Be8 30. Qg5+ Kh8 31. Re3 Nb6 32. Rce1 Rd2 33. Rf3 Rd3 34.
Rf4 Nd7 35. Bxd5 Nxf6 36. Rxf6 exd5 37. Nf5 Bd7 38. Nd6 Rf3 39. Rf5 Rxf5 40.
Qxd8+ Nxd8 41. Nxf5 Bxf5 42. h6 0-1

[Event "Puhajarve rap op 19th"]
[Site "Puhajarve"]
[Date "2018.11.24"]
[Round "9"]
[White "Jussupow, Artur"]
[Black "Vaganian, Rafael A"]
[Result "0-1"]
[WhiteElo "2569"]
[BlackElo "2546"]
[PlyCount "73"]
[EventDate "2018.11.23"]
[EventType "tourn (rapid)"]
[EventRounds "35"]
[EventCountry "EST"]
[SourceTitle "CBM 187 Extra"]
[Source "ChessBase"]
[SourceDate "2018.11.04"]
[SourceVersion "1"]
[SourceVersionDate "2018.11.04"]
[SourceQuality "1"]

1. d4 Nf6 2. c4 e6 3. Nf3 b6 4. g3 Ba6 5. Nbd2 Be7 6. Bg2 d5 7. cxd5 exd5 8.
O-O O-O 9. Ne5 c5 10. b3 Bb7 11. Bb2 Nc6 12. Nxc6 Bxc6 13. Rc1 Rc8 14. dxc5
bxc5 15. Bxf6 gxf6 16. e4 d4 17. Qh5 Re8 18. Bh3 Bd7 19. Nc4 Bf8 20. Bf5 Bxf5
21. Qxf5 Qe7 22. Rfe1 Qe6 23. Qh5 Rcd8 24. Rcd1 Rd7 25. Kg2 d3 26. Qf3 Red8 27.
Qe3 Rd4 28. Rd2 h5 29. Nb2 c4 30. Nxc4 Bb4 31. Qf3 f5 32. Qxh5 Bxd2 33. Nxd2
fxe4 34. Nxe4 Rxe4 35. Qg5+ Kh7 36. Qh5+ Kg7 37. Qe2 0-1

[Event "Moscow Aeroflot op-B 18th"]
[Site "Moscow"]
[Date "2019.02.24"]
[Round "6"]
[White "Vaganian, Rafael A"]
[Black "Demianjuk, Alexander"]
[Result "1-0"]
[WhiteElo "2546"]
[BlackElo "2360"]
[PlyCount "39"]
[EventDate "2019.02.20"]
[EventType "swiss"]
[EventRounds "9"]
[EventCountry "RUS"]
[SourceTitle "CBM 189 Extra"]
[Source "ChessBase"]
[SourceDate "2019.06.03"]
[SourceVersion "1"]
[SourceVersionDate "2019.06.03"]
[SourceQuality "1"]

1. Nf3 Nf6 2. c4 g6 3. Nc3 Bg7 4. g3 O-O 5. Bg2 d6 6. O-O e5 7. d4 Nbd7 8. e3
Re8 9. a4 a5 10. b3 exd4 11. exd4 d5 12. Nb5 c6 13. Nd6 Rf8 14. Ba3 c5 15. dxc5
Ne4 16. Rc1 Nexc5 17. Qxd5 Qb6 18. Ng5 h6 19. Ngxf7 Kh7 20. Rce1 1-0

[Event "Moscow Aeroflot op-B 18th"]
[Site "Moscow"]
[Date "2019.02.25"]
[Round "7"]
[White "Ambartsumova, Karina"]
[Black "Vaganian, Rafael A"]
[Result "0-1"]
[WhiteElo "2396"]
[BlackElo "2546"]
[PlyCount "64"]
[EventDate "2019.02.20"]
[EventType "swiss"]
[EventRounds "9"]
[EventCountry "RUS"]
[SourceTitle "CBM 189 Extra"]
[Source "ChessBase"]
[SourceDate "2019.06.03"]
[SourceVersion "1"]
[SourceVersionDate "2019.06.03"]
[SourceQuality "1"]

1. c4 e6 2. Nc3 f5 3. g3 Nf6 4. Bg2 d5 5. d4 c6 6. Nf3 Bd6 7. Bf4 Bxf4 8. gxf4
Nbd7 9. e3 O-O 10. O-O b6 11. Qa4 Bb7 12. Rac1 Ne4 13. Rfd1 Rf6 14. Qc2 Qe8 15.
b4 Qh5 16. Qe2 Nxc3 17. Rxc3 Rg6 18. Rd2 c5 19. Ne1 Qxe2 20. Rxe2 cxb4 21. Rb3
a5 22. cxd5 Bxd5 23. Rbb2 b5 24. Rbc2 Nb6 25. Rc7 Rc8 26. Rxc8+ Nxc8 27. Rc2
Nd6 28. Kh1 Rxg2 29. Nxg2 Nc4 30. Rc1 Na3 31. Kg1 Bxa2 32. Ne1 Bc4 0-1

[Event "Moscow Aeroflot op-B 18th"]
[Site "Moscow"]
[Date "2019.02.27"]
[Round "9"]
[White "Mendonca, Leon Luke"]
[Black "Vaganian, Rafael A"]
[Result "0-1"]
[WhiteElo "2376"]
[BlackElo "2546"]
[PlyCount "120"]
[EventDate "2019.02.20"]
[EventType "swiss"]
[EventRounds "9"]
[EventCountry "RUS"]
[SourceTitle "CBM 189 Extra"]
[Source "ChessBase"]
[SourceDate "2019.06.03"]
[SourceVersion "1"]
[SourceVersionDate "2019.06.03"]
[SourceQuality "1"]

1. Nf3 d5 2. g3 c6 3. Bg2 Bg4 4. c4 e6 5. O-O Nd7 6. d4 Bd6 7. Nc3 Ngf6 8. b3
O-O 9. Bb2 Qe7 10. Re1 Rad8 11. e4 dxe4 12. Nxe4 Nxe4 13. Rxe4 Nf6 14. Re3 Ba3
15. Qc1 Bxb2 16. Qxb2 Bxf3 17. Bxf3 Rd7 18. Rd1 Rfd8 19. b4 Qd6 20. Kg2 Qc7 21.
Qc3 b5 22. Re5 Qb6 23. cxb5 cxb5 24. Qc6 Qxc6 25. Bxc6 Rd6 26. Bxb5 Nd5 27. a3
f6 28. Rxd5 Rxd5 29. Bc4 R5d6 30. Kf3 Rc8 31. Rc1 Kf8 32. Ke3 e5 33. dxe5 fxe5
34. Rc2 Ke7 35. Bd3 Rxc2 36. Bxc2 h6 37. b5 Rd4 38. a4 Kd6 39. a5 Rb4 40. Bd3
Ra4 41. b6 axb6 42. axb6 Rb4 43. Be4 Rb3+ 44. Ke2 Rxb6 45. Kd3 Rb2 46. Ke3 Rb3+
47. Kd2 Kc5 48. Ke2 Kd4 49. Bc6 e4 50. Kf1 Rb6 51. Ba8 g5 52. Kg2 h5 53. Kg1 h4
54. gxh4 gxh4 55. h3 Ke5 56. Kg2 Rb2 57. Kg1 Kf4 58. Bc6 Kf3 59. Bd5 Rb1+ 60.
Kh2 Rf1 0-1

[Event "Jermuk Asrian Memorial 12th"]
[Site "Jermuk"]
[Date "2019.06.19"]
[Round "9"]
[White "Davtyan, Artur"]
[Black "Vaganian, Rafael A"]
[Result "0-1"]
[WhiteElo "2431"]
[BlackElo "2526"]
[PlyCount "98"]
[EventDate "2019.06.11"]
[EventType "swiss"]
[EventRounds "9"]
[EventCountry "ARM"]
[SourceTitle "CBM 191 Extra"]
[Source "ChessBase"]
[SourceDate "2019.09.30"]
[SourceVersion "1"]
[SourceVersionDate "2019.09.30"]
[SourceQuality "1"]

1. e4 e6 2. d4 d5 3. Nc3 Nf6 4. e5 Nfd7 5. f4 c5 6. Nf3 Nc6 7. Be3 a6 8. Qd2
cxd4 9. Nxd4 Bc5 10. Rd1 O-O 11. Be2 Qc7 12. a4 Qb6 13. b3 Bb4 14. Nxc6 Qxc6
15. Bd4 Nc5 16. Bf3 b5 17. O-O Ne4 18. Bxe4 dxe4 19. axb5 axb5 20. Qe3 Bb7 21.
Rf2 Rfd8 22. Nb1 Bf8 23. c3 b4 24. Rff1 h6 25. c4 Rd7 26. Bb6 Rd3 27. Rxd3 exd3
28. Qf2 Qe4 29. Nd2 Qf5 30. Bd4 Ra2 31. h3 Qg6 32. Be3 Be7 33. Kh2 Bh4 34. g3
Be7 35. Bd4 h5 36. Qe3 Qf5 37. Rf2 g5 38. Qe1 gxf4 39. Rxf4 Qg6 40. h4 Bf8 41.
Be3 Bg7 42. Rd4 Bxe5 43. Rd8+ Kh7 44. Qf2 Ra1 45. Nf3 Qf5 46. Bd4 Bxd4 47. Ng5+
Kg7 48. Nxe6+ Qxe6 49. Qxd4+ Qf6 0-1

[Event "Platja d'Aro Legends rapid"]
[Site "Platja d'Aro"]
[Date "2019.06.25"]
[Round "1"]
[White "Ljubojevic, Ljubomir"]
[Black "Vaganian, Rafael A"]
[Result "0-1"]
[WhiteElo "2571"]
[BlackElo "2526"]
[PlyCount "58"]
[EventDate "2019.06.25"]
[EventType "tourn (rapid)"]
[EventRounds "12"]
[EventCountry "ESP"]
[EventCategory "12"]
[SourceTitle "CBM 191 Extra"]
[Source "ChessBase"]
[SourceDate "2019.09.30"]
[SourceVersion "1"]
[SourceVersionDate "2019.09.30"]
[SourceQuality "1"]

1. c4 e6 2. Nf3 Nf6 3. g3 b6 4. Bg2 Bb7 5. O-O c5 6. Nc3 Be7 7. Re1 Ne4 8. Nxe4
Bxe4 9. d3 Bb7 10. d4 cxd4 11. Qxd4 O-O 12. e4 d6 13. h4 h6 14. Be3 Nc6 15. Qd2
Na5 16. b3 Bf6 17. Bd4 Bxd4 18. Nxd4 a6 19. Rad1 Qc7 20. g4 Rad8 21. g5 hxg5
22. hxg5 Nc6 23. g6 Nxd4 24. gxf7+ Rxf7 25. Qxd4 e5 26. Qd2 Rf6 27. Re3 Rdf8
28. f3 Qc5 29. Qf2 a5 0-1

[Event "Platja d'Aro Legends rapid"]
[Site "Platja d'Aro"]
[Date "2019.06.28"]
[Round "6"]
[White "Vaganian, Rafael A"]
[Black "Romanishin, Oleg M"]
[Result "1-0"]
[WhiteElo "2526"]
[BlackElo "2451"]
[PlyCount "95"]
[EventDate "2019.06.25"]
[EventType "tourn (rapid)"]
[EventRounds "12"]
[EventCountry "ESP"]
[EventCategory "12"]
[SourceTitle "CBM 191 Extra"]
[Source "ChessBase"]
[SourceDate "2019.09.30"]
[SourceVersion "1"]
[SourceVersionDate "2019.09.30"]
[SourceQuality "1"]

1. Nf3 Nf6 2. c4 e6 3. g3 a6 4. Bg2 b5 5. b3 Bb7 6. Nc3 b4 7. Na4 d6 8. O-O g6
9. Bb2 Bg7 10. Rc1 Nbd7 11. c5 dxc5 12. Nxc5 Nxc5 13. Rxc5 O-O 14. Qc2 Rc8 15.
Ne5 Bxg2 16. Kxg2 Qd6 17. Rc1 Nd5 18. Rc6 Qe7 19. e4 Nc3 20. Bxc3 bxc3 21. Qxc3
Rfd8 22. d4 Bxe5 23. dxe5 Rd7 24. h4 Qa3 25. Rc2 h5 26. Qc5 Qxc5 27. R2xc5 Rd2
28. Rxa6 Rb2 29. Ra7 c6 30. Rc3 c5 31. a4 Re2 32. Kf3 Rb2 33. a5 Rb8 34. Rxc5
R2xb3+ 35. Kf4 Rb2 36. f3 Rf2 37. Rc3 Ra2 38. Rcc7 Rf8 39. Rc3 Kg7 40. Rc6 Re8
41. a6 Ra5 42. Rb7 Ra3 43. a7 Rd8 44. Rcc7 g5+ 45. hxg5 Rf8 46. Re7 Kg6 47. Rb8
Rxa7 48. Rxe6+ 1-0

[Event "Platja d'Aro Legends blitz"]
[Site "Platja d'Aro"]
[Date "2019.06.29"]
[Round "6"]
[White "Vaganian, Rafael A"]
[Black "Romanishin, Oleg M"]
[Result "1-0"]
[WhiteElo "2526"]
[BlackElo "2451"]
[PlyCount "71"]
[EventDate "2019.06.29"]
[EventType "tourn (blitz)"]
[EventRounds "12"]
[EventCountry "ESP"]
[EventCategory "12"]
[SourceTitle "CBM 191 Extra"]
[Source "ChessBase"]
[SourceDate "2019.09.30"]
[SourceVersion "1"]
[SourceVersionDate "2019.09.30"]
[SourceQuality "1"]

1. d4 Nf6 2. Bg5 d5 3. e3 Nbd7 4. Bd3 g6 5. f4 Bg7 6. Nf3 c5 7. c3 Qb6 8. Qc1
Ne4 9. Bh4 Ndf6 10. Nbd2 Bf5 11. Ne5 Rc8 12. O-O Nd6 13. Bxf5 Nxf5 14. Bf2 Ne4
15. Nxe4 dxe4 16. Qc2 cxd4 17. Qa4+ Rc6 18. Nxc6 bxc6 19. cxd4 O-O 20. Rac1
Qxb2 21. Rc2 Qb5 22. Qxb5 cxb5 23. Rc7 a5 24. Rfc1 Nd6 25. Rxe7 Rb8 26. Rc6 Bf8
27. Rd7 Nc4 28. f5 gxf5 29. Rdc7 f4 30. exf4 e3 31. Be1 Rd8 32. Rc8 Rxd4 33.
Rb8 Nd6 34. Kf1 Rxf4+ 35. Ke2 Ra4 36. Rxd6 1-0

[Event "Platja d'Aro Legends blitz"]
[Site "Platja d'Aro"]
[Date "2019.06.30"]
[Round "8"]
[White "Romanishin, Oleg M"]
[Black "Vaganian, Rafael A"]
[Result "0-1"]
[WhiteElo "2451"]
[BlackElo "2526"]
[PlyCount "63"]
[EventDate "2019.06.29"]
[EventType "tourn (blitz)"]
[EventRounds "12"]
[EventCountry "ESP"]
[EventCategory "12"]
[SourceTitle "CBM 191 Extra"]
[Source "ChessBase"]
[SourceDate "2019.09.30"]
[SourceVersion "1"]
[SourceVersionDate "2019.09.30"]
[SourceQuality "1"]

1. Nf3 d5 2. d4 Nf6 3. c4 e6 4. g3 Bb4+ 5. Bd2 Be7 6. Bg2 c6 7. O-O Nbd7 8. Bf4
b6 9. Nc3 Bb7 10. Rc1 O-O 11. Nd2 c5 12. dxc5 Nxc5 13. Nb3 dxc4 14. Nxc5 Bxg2
15. Nxe6 fxe6 16. Qxd8 Rfxd8 17. Kxg2 Nd5 18. Be5 Nxc3 19. Bxc3 b5 20. Rfd1 Kf7
21. Ba5 Rxd1 22. Rxd1 Ke8 23. Kf3 b4 24. Ke4 Rc8 25. a3 bxa3 26. bxa3 Bxa3 27.
Bc3 a5 28. Rb1 Be7 29. Ra1 Bb4 30. Bxg7 c3 31. Bh6 c2 32. Kd3 0-1